Statistiques concernant QCM sur Michael Jackson #2

Cliquez ici pour prendre le quiz!

Statistiques générales

  • Ce quiz a été pris 78 fois
  • Le résultat moyen est 6 sur 10

Statistiques - réponses

QuestionRéponse% Correct
Quel chanteur était considéré comme le "rival" de Michael Jackson ?Prince
90%
Quelle chanson est interprétée par le groupe USA for Africa, composé d'artistes tels que Michael Jackson, Lionel Richie, Tina Turner ou encore Ray Charles ?We Are the World
87%
Quel est le nom de naissance de Michael Jackson ?Michael Joseph Jackson
76%
Quelle mannequin et chanteuse est en duo avec Michael Jackson dans le clip "In the Closet" ?Naomi Campbell
75%
Dans quel pays a été tourné l'un des deux clips de "They Don't Care About Us" ?Brésil
73%
Dans quel film musical, sorti en 1988, joue-t-il son propre rôle et dont les clips musicaux "Smooth Criminal" et "Speed Demon" sont extraits ?Moonwalker
63%
Lors de quelle cérémonie Michael Jackson a-t-il réalisé le "Moonwalk" pour la 1ère fois ?Motown 25 (1983)
52%
Qui a réalisé le clip "Bad" ?Martin Scorsese
43%
Quel album de Michael Jackson est sorti en 1997 ?Blood on the Dance Floor
40%
Dans laquelle de ces villes Michael Jackson ne s'est jamais produit en concert ?Lille
36%

Distribution des résultats

Percentile par nombre de réponses

% des personnes avec chaque résultat

Votre développement - résultats

Vous n’avez pas pris ce quiz